Modeling atmospheric and oceanic flows : insights from laboratory experiments and numerical simulations /

Modeling Atmospheric and Oceanic Flows: Insights from LaboratoryExperiments and Numerical Simulations provides a broad overview ofrecent progress in using laboratory experiments and numericalsimulations to model atmospheric and oceanic fluid motions. Thisvolume not only surveys novel research topics...

Πλήρης περιγραφή

Λεπτομέρειες βιβλιογραφικής εγγραφής
Άλλοι συγγραφείς: Larcher, Thomas von, Williams, Paul D. (Paul David), 1977-
Μορφή: Ηλ. βιβλίο
Γλώσσα:English
Έκδοση: Hoboken, N.J. : Wiley ; 2014.
Washington, DC : American Geophysical Union, 2014.
Σειρά:Geophysical monograph ; 205.
Θέματα:
Διαθέσιμο Online:Full Text via HEAL-Link
LEADER 04083nam a2200685 4500
001 ocn893739691
003 OCoLC
005 20170124071304.2
006 m o d
007 cr cnu---unuuu
008 141025s2014 njua ob 001 0 eng d
040 |a EBLCP  |b eng  |e pn  |c EBLCP  |d OCLCO  |d HEBIS  |d N$T  |d UIU  |d DG1  |d VRC  |d OCLCF  |d DEBSZ  |d OCLCQ  |d IYU  |d RECBK  |d EBLCP  |d OCLCQ  |d GrThAP 
019 |a 904962166 
020 |a 9781118855904  |q (electronic bk.) 
020 |a 1118855906  |q (electronic bk.) 
020 |a 9781118856024  |q (electronic bk.) 
020 |a 1118856023  |q (electronic bk.) 
020 |a 9781118855928  |q (electronic bk.) 
020 |a 1118855922  |q (electronic bk.) 
020 |z 9781118855935 
020 |z 1118855930 
028 0 1 |a EB00595725  |b Recorded Books 
029 1 |a CHBIS  |b 010442225 
029 1 |a CHVBK  |b 334092388 
029 1 |a DEBBG  |b BV043397228 
029 1 |a DEBSZ  |b 43180141X 
029 1 |a NZ1  |b 15913255 
035 |a (OCoLC)893739691  |z (OCoLC)904962166 
050 4 |a QC861.3 
072 7 |a SCI  |x 030000  |2 bisacsh 
072 7 |a SCI  |x 031000  |2 bisacsh 
082 0 4 |a 551.51011  |2 23 
049 |a MAIN 
245 0 0 |a Modeling atmospheric and oceanic flows :  |b insights from laboratory experiments and numerical simulations /  |c Thomas von Larcher and Paul D. Williams, editors. 
264 1 |a Hoboken, N.J. :  |b Wiley ;  |c 2014. 
264 1 |a Washington, DC :  |b American Geophysical Union,  |c 2014. 
300 |a 1 online resource :  |b illustrations (chiefly color). 
336 |a text  |b txt  |2 rdacontent 
337 |a computer  |b c  |2 rdamedia 
338 |a online resource  |b cr  |2 rdacarrier 
490 1 |a Geophysical monograph series ;  |v 205 
500 |a "This work is a co-publication between the American Geophysical Union and John Wiley & Sons, Inc." 
504 |a Includes bibliographical references and index. 
588 0 |a Online resource; title from PDF title page (EBSCO, viewed November 24, 2014). 
520 |a Modeling Atmospheric and Oceanic Flows: Insights from LaboratoryExperiments and Numerical Simulations provides a broad overview ofrecent progress in using laboratory experiments and numericalsimulations to model atmospheric and oceanic fluid motions. Thisvolume not only surveys novel research topics in laboratoryexperimentation, but also highlights recent developments in thecorresponding computational simulations. As computing power growsexponentially and better numerical codes are developed, theinterplay between numerical simulations and laboratory experimentsis gaining paramount importance within the scientific community. The lessons learnt from the laboratory'model comparisons inthis volume will act as a source of inspiration for the nextgeneration of experiments and simulations. Volume highlightsinclude: -Topics pertaining to atmospheric science, climatephysics, physical oceanography, marine geology and geophysics -Overview of the most advanced experimental andcomputational research in geophysics -Recent developments in numerical simulations ofatmospheric and oceanic fluid motion -Unique comparative analysis of the experimentaland numerical approaches to modeling fluid flow Modeling Atmospheric and Oceanic Flows will be a valuableresource for graduate students, researchers, and professionals inthe fields of geophysics, atmospheric sciences, oceanography, climate science, hydrology, and experimental geosciences. 
650 0 |a Atmospheric models. 
650 0 |a Ocean currents. 
650 0 |a Oceanography. 
650 7 |a SCIENCE  |x Earth Sciences  |x Geography.  |2 bisacsh 
650 7 |a SCIENCE  |x Earth Sciences  |x Geology.  |2 bisacsh 
650 7 |a Atmospheric models.  |2 fast  |0 (OCoLC)fst00820440 
650 7 |a Ocean currents.  |2 fast  |0 (OCoLC)fst01043489 
650 7 |a Oceanography.  |2 fast  |0 (OCoLC)fst01043671 
655 4 |a Electronic books. 
700 1 |a Larcher, Thomas von. 
700 1 |a Williams, Paul D.  |q (Paul David),  |d 1977- 
776 0 8 |i Print version:  |z 9781118855935 
830 0 |a Geophysical monograph ;  |v 205. 
856 4 0 |u https://doi.org/10.1002/9781118856024  |z Full Text via HEAL-Link 
994 |a 92  |b DG1